Normal view
MARC view
- Nobrega, William , Sinha, Ashish
Entry Personal Name
001 - CONTROL NUMBER
- control field: 63638
003 - CONTROL NUMBER IDENTIFIER
- control field: NUST
005 - DATE AND TIME OF LATEST TRANSACTION
- control field: 20210628203141.0
008 - FIXED-LENGTH DATA ELEMENTS
- fixed length control field: 210628|| aca||aabn | a|a d
040 ## - CATALOGING SOURCE
- Original cataloging agency: NUST
- Transcribing agency: NUST
100 ## - HEADING--PERSONAL NAME
- Personal name: Nobrega, William , Sinha, Ashish
670 ## - SOURCE DATA FOUND
- Source citation: Work cat.: (NUST): Nobrega, William , Sinha, Ashish, Riding the indian tiger , understanding india the world's fastest growing market, 2008
